Meilleures forces spéciales du monde - Statistiques

Statistiques générales
  • Ce quiz a été pris 49 fois
  • Le résultat moyen est 3 sur 10
Statistiques - réponses
Hint Réponse % Correct
France GIGN
80%
Russie Spetsnaz GRU
57%
Royaume-Uni SAS
54%
États-Unis Navy Seals
51%
Allemagne GSG 9
20%
Pologne JW GROM
20%
Israël Sayaret Maktal
9%
Italie GIS
6%
Pakistan SSG
6%
Inde Marcos
3%
Aucun quiz correspondant
Distribution des résultats
% des personnes avec chaque résultat
Percentile par nombre de réponses
Votre historique - résultats
Vous n’avez pas pris ce quiz